Proyectos de investigación cooperación con Alemania : (Registro nro. 2825)

Detalles MARC
000 -CABECERA
Campo de control 00930nam a2200229 a 4500
005 - FECHA Y HORA DE LA ULTIMA TRANSACCION
Campo de control 20141003132646.0
008 - ELEMENTOS DE LONGITUD FIJA—INFORMACION GENERAL
Campo de control 140121b2001 ck ||||| |||| 00| 0 spa d
041 ## - IDIOMA
Código de idioma para texto/pista de sonido o título separado Español
Código de idioma de la versión original y/o traducciones intermedias del texto Inglés
044 ## - PAÍS DE PUBLICACIÓN
País de publicación Colombia
090 ## - CLASIFICACIÓN LOCAL
Colección IAvH
Consecutivo 00204
245 00 - MENCION DE TITULO
Título Proyectos de investigación cooperación con Alemania :
Parte restante del título Programa nacional de ciencias del medio ambiente y del hábitat
260 ## - PUBLICACION, DISTRIBUCION, ETC. (PIE DE IMPRENTA)
Lugar de publicación, distribución, etc. Bogotá :
Nombre del editor, distribuidor, etc. Colciencias,
-- Instituto Alexander von Humboldt,
Fecha de publicación, distribución, etc. 2001.
300 ## - DESCRIPCION FISICA
Extensión 89 p.
Dimensiones 28 cm.
500 ## - NOTA GENERAL
Nota general Documentos de reunión Consejo Programa Nacional de Ciencias del Medio Ambiente y del Hábitat. No. 43, febrero 15 de 2001, realizada en Bogotá.
610 ## - ASIENTO SECUNDARIO DE MATERIA - NOMBRE CORPORATIVO
Nombre corporativo o nombre de la jurisdicción como elemento de entrad Colciencias
650 #4 - ASIENTO SECUNDARIO DE MATERIA - TERMINO TEMATICO
Término temático o nombre geográfico como elemento de entrada Ciencias del medio ambiente
Subdivisión de forma Proyectos
650 #4 - ASIENTO SECUNDARIO DE MATERIA - TERMINO TEMATICO
Término temático o nombre geográfico como elemento de entrada Ciencia y tecnología
Subdivisión de forma Proyectos
650 #4 - ASIENTO SECUNDARIO DE MATERIA - TERMINO TEMATICO
Término temático o nombre geográfico como elemento de entrada Hábitat
Subdivisión de forma Proyectos
651 ## - ASIENTO SECUNDARIO DE MATERIA - NOMBRE GEOGRAFICO
Nombre geográfico Colombia
Subdivisión de forma Proyectos
651 ## - ASIENTO SECUNDARIO DE MATERIA - NOMBRE GEOGRAFICO
Nombre geográfico Alemania
Subdivisión de forma Proyectos
942 ## - ELEMENTOS ADICIONALES (KOHA)
Tipo de ítem Informe Técnico
Sistema de clasificación Local
Existencias
Withdrawn status Lost status Sistema de Clasificación Damaged status No para préstamo Colección Inventariado Ubicación Permanente Ubicación actual Fecha de adquisición Total Checkouts Número topográfico Inventario / Código de Barras Date last seen Ejemplar Price effective from Forma de adquisición Tipo de material
    Local     Humboldt Inventariado 2017 Villa de Leyva Villa de Leyva 02/07/2002   IAvH-00204 004179 09/08/2024 Ej. 1 04/12/2012   Informe Técnico